Momente A1 Deutsch als Fremdsprache. Arbeitsbuch/

Salvato in:
Dettagli Bibliografici
Autore principale: Glas-Peters, Sabine
Ente Autore: Reimann, Monika
Altri autori: Pude, Angela
Natura: Libro
Lingua:slovacco
Accesso online:Visualizza in OPAC
Tags: Aggiungi Tag
Nessun Tag, puoi essere il primo ad aggiungerne!!

MARC

LEADER 00000nam a22000007a 4500
003 SK-BrSCK
005 20260127134425.0
008 231011b xo ||||| |||| 00| 0 slo d
040 |a SK-BrSCK  |b slo  |c SK-BrSCK 
100 |9 2424  |a Glas-Peters, Sabine 
245 |a Momente A1  |b Deutsch als Fremdsprache. Arbeitsbuch/  |c Sabine Glas-Peters, Angela Pude, Monika Reimann 
300 |a 244 s.:  |b Ilustr., tab.;  |c 30 cm 
700 |9 2422  |a Pude, Angela 
710 |9 2425  |a Reimann, Monika 
942 |2 udc  |c 14 
999 |c 12480  |d 12480